Statistics for Religion Analogies

Click here to take the quiz!

General Stats

  • This quiz has been taken 23,924 times
    (1,621 since last reset)
  • The average score is 14 of 20

Answer Stats

This is to this …As …% Correct
Bible is to Christianity{Quran} is to Islam
98%
Bethlehem is to Jesus{Mecca} is to Muhammad
93%
Church is to Christianity{Mosque} is to Islam
93%
Venus is to BeautyMars is to {War}
89%
Nun is to Woman{Monk} is to Man
86%
Halal is to Islam{Kosher} is to Judaism
85%
Helios is to GreeceRa is to {Egypt}
85%
Jupiter is to Rome{Zeus} is to Greece
82%
Deify is to GodCanonize is to {Saint}
72%
Adam is to Abel{David} is to Solomon
69%
Buddhism is to
Siddhārtha Gautama
{Taoism} is to Laozi
69%
Smith is to MormonismHubbard is to {Scientology}
68%
Genesis is to the
Old Testament
{Matthew} is to the
New Testament
64%
Hebrew is to Judaism{Sanskrit} is to Hinduism
63%
Jihad is to StruggleAkbar is to {Great}
57%
Brahmā is to Creator{Shiva} is to Destroyer
57%
Exodus is to LeviticusLeviticus is to {Numbers}
56%
Paradiso is to Heaven{Inferno} is to Hell
54%
Aaron is to MosesEsau is to {Jacob}
49%
Pope is to Catholicism{Patriarch} is to
Eastern Orthodox
46%

Score Distribution

Percentile by Number Answered

Percent of People with Each Score

Your Score History

You have not taken this quiz since the last reset